000
00319nam a2200145Ia 4500
100
_a
Ferguson/L.N
650
_a
Chemistry
942
_c
BK
654
_a
organic
245
_a
Text book of Organic Chemistry
260
_b
East west press
_a
New Delhi
_c
1965
082
_a
547
_b
FER
300
_a
755
546
_a
ENGLISH
999
_c
25048
_d
25048